[Event "Herforder SV Königsspringer 1 - SG Nie"]
[Site "NRW-Liga - Gruppe 1 2019/2020"]
[Date "2020.03.08"]
[Round "7.1"]
[White "Wigger, Jochen"]
[Black "Nordsieck, Thomas"]
[Result "1/2-1/2"]
[WhiteElo "2276"]
[BlackElo "2264"]
[PlyCount "24"]
[EventDate "2020.??.??"]
[SourceVersionDate "2020.03.16"]
[WhiteTeam "SG Niederkassel 1"]
[BlackTeam "Herforder SV Königsspringer 1"]

1. b3 c5 2. Bb2 b6 3. e3 Bb7 4. Nf3 Nf6 5. Be2 e6 6. O-O Be7 7. d4 O-O 8. c4 d5
9. Nc3 dxc4 10. Bxc4 cxd4 11. Qxd4 Nc6 12. Qf4 Qb8 1/2-1/2

[Event "Herforder SV Königsspringer 1 - SG Nie"]
[Site "NRW-Liga - Gruppe 1 2019/2020"]
[Date "2020.03.08"]
[Round "7.2"]
[White "Peist, Juergen"]
[Black "Grimm, Sascha"]
[Result "0-1"]
[WhiteElo "2292"]
[BlackElo "2266"]
[PlyCount "76"]
[EventDate "2020.??.??"]
[SourceVersionDate "2020.03.16"]
[WhiteTeam "Herforder SV Königsspringer 1"]
[BlackTeam "SG Niederkassel 1"]

1. Nf3 Nf6 2. c4 g6 3. Nc3 c5 4. e4 Bg7 5. d4 Qa5 6. Bd2 cxd4 7. Nxd4 Nc6 8.
Nc2 O-O 9. Be2 d6 10. O-O a6 11. Rc1 Be6 12. b4 Qd8 13. a3 Ne5 14. Ne3 Rc8 15.
b5 Nxc4 16. Nxc4 Bxc4 17. Bxc4 Rxc4 18. bxa6 bxa6 19. Qe2 Rc8 20. Nd5 Nxd5 21.
exd5 Rc5 22. Rxc5 dxc5 23. Qc4 Bd4 24. Rb1 Qd6 25. Be3 Rb8 26. Rxb8+ Qxb8 27.
Qxa6 Qb1+ 28. Qf1 Qa2 29. Qc1 Qxd5 30. a4 Qa2 31. Qd1 e5 32. h4 h5 33. Kh2 Kg7
34. Bd2 c4 35. Be3 Bxe3 36. fxe3 c3 37. Qd6 Qc4 38. Qxe5+ Kh7 0-1

[Event "Herforder SV Königsspringer 1 - SG Nie"]
[Site "NRW-Liga - Gruppe 1 2019/2020"]
[Date "2020.03.08"]
[Round "7.3"]
[White "Rybarczyk, Klaus"]
[Black "Bentel, Robin"]
[Result "0-1"]
[WhiteElo "2174"]
[BlackElo "2138"]
[PlyCount "72"]
[EventDate "2020.??.??"]
[SourceVersionDate "2020.03.16"]
[WhiteTeam "SG Niederkassel 1"]
[BlackTeam "Herforder SV Königsspringer 1"]

1. Nf3 d5 2. g3 c6 3. Bg2 Bg4 4. c4 e6 5. cxd5 exd5 6. O-O Bd6 7. d3 Ne7 8. Nc3
O-O 9. Qb3 Nd7 10. e4 d4 11. Ne2 c5 12. Nf4 Nc6 13. h3 Bxf4 14. Bxf4 Be6 15.
Qd1 h6 16. b3 Qb6 17. Ne1 a5 18. Bd6 Rfe8 19. f4 Nb4 20. e5 Bd5 21. a3 Bxg2 22.
Nxg2 Nd5 23. Qg4 Rad8 24. Rab1 Nc3 25. Rbe1 Nb5 26. f5 Nxd6 27. f6 g6 28. e6
Qxb3 29. Nh4 Rxe6 30. Nxg6 Nxf6 31. Ne7+ Kf8 32. Qf4 Kxe7 33. Qxf6+ Kd7 34. Qf3
Rxe1 35. Rxe1 Re8 36. Qg4+ Re6 0-1

[Event "Herforder SV Königsspringer 1 - SG Nie"]
[Site "NRW-Liga - Gruppe 1 2019/2020"]
[Date "2020.03.08"]
[Round "7.4"]
[White "Loemker, Michael"]
[Black "Mauelshagen, Martin"]
[Result "1/2-1/2"]
[WhiteElo "2055"]
[BlackElo "2105"]
[PlyCount "34"]
[EventDate "2020.??.??"]
[SourceVersionDate "2020.03.16"]
[WhiteTeam "Herforder SV Königsspringer 1"]
[BlackTeam "SG Niederkassel 1"]

1. d4 Nf6 2. c4 e6 3. Nf3 b6 4. g3 Ba6 5. Qa4 Be7 6. Bg2 c6 7. O-O O-O 8. Ne5
Qc8 9. Qc2 d5 10. Bf4 Nfd7 11. Nd2 f5 12. h4 Nxe5 13. Bxe5 Nd7 14. Bf4 Nf6 15.
Rac1 c5 16. dxc5 bxc5 17. Rfd1 Rd8 1/2-1/2

[Event "Herforder SV Königsspringer 1 - SG Nie"]
[Site "NRW-Liga - Gruppe 1 2019/2020"]
[Date "2020.03.08"]
[Round "7.5"]
[White "Broehl, Stephan"]
[Black "Hanisch, Bernd"]
[Result "1-0"]
[WhiteElo "2093"]
[BlackElo "2018"]
[PlyCount "41"]
[EventDate "2020.??.??"]
[SourceVersionDate "2020.03.16"]
[WhiteTeam "SG Niederkassel 1"]
[BlackTeam "Herforder SV Königsspringer 1"]

1. e4 c6 2. d4 d5 3. e5 c5 4. dxc5 e6 5. Nf3 Bxc5 6. Bd3 Ne7 7. a3 a6 8. O-O
Qc7 9. b4 Ba7 10. Bb2 Nbc6 11. Re1 b5 12. Nbd2 Bb7 13. Nf1 g6 14. Qd2 Nf5 15.
a4 bxa4 16. Rxa4 Qb6 17. Rea1 a5 18. b5 Nb4 19. Bxf5 gxf5 20. Rxa5 Rg8 21. Bd4
1-0

[Event "Herforder SV Königsspringer 1 - SG Nie"]
[Site "NRW-Liga - Gruppe 1 2019/2020"]
[Date "2020.03.08"]
[Round "7.6"]
[White "Quelle, Helmut"]
[Black "Konzen, Horst"]
[Result "0-1"]
[WhiteElo "2033"]
[BlackElo "1941"]
[PlyCount "128"]
[EventDate "2020.??.??"]
[SourceVersionDate "2020.03.16"]
[WhiteTeam "Herforder SV Königsspringer 1"]
[BlackTeam "SG Niederkassel 1"]

1. Nf3 g6 2. g3 Bg7 3. Bg2 e5 4. O-O d5 5. d3 Ne7 6. e4 O-O 7. c3 Nbc6 8. Nbd2
h6 9. Re1 Be6 10. exd5 Bxd5 11. Qe2 f6 12. b3 Qd7 13. Bb2 Rad8 14. Rad1 Rfe8
15. Ne4 Qc8 16. c4 Bf7 17. Nc5 b6 18. Na4 Nf5 19. Rd2 Nfd4 20. Qd1 Bf8 21. Nc3
Nxf3+ 22. Bxf3 Nd4 23. Bd5 c6 24. Bxf7+ Kxf7 25. a3 h5 26. Ne4 Bh6 27. f4 exf4
28. Bxd4 Rxd4 29. gxf4 Qg4+ 30. Qxg4 hxg4 31. Rde2 Red8 32. Nf2 R8d7 33. Re8 f5
34. Rc8 Bxf4 35. Rxc6 R4d6 36. Rxd6 Rxd6 37. Kg2 Kf6 38. b4 Be5 39. Rd1 Kg5 40.
c5 bxc5 41. bxc5 Rd4 42. Rc1 Kf6 43. c6 Bc7 44. Rc3 Ke6 45. Nd1 Rd8 46. Ne3 Rh8
47. Nf1 Kd5 48. Rc4 Re8 49. Ng3 Re6 50. Ra4 a5 51. Rc4 Rxc6 52. Rxc6 Kxc6 53.
Ne2 Kd5 54. Nc3+ Kc6 55. a4 Be5 56. Nb5 Kc5 57. h4 gxh3+ 58. Kxh3 g5 59. Kg2
Bf4 60. Kf3 Bb8 61. Ke3 g4 62. Kf2 Kb4 63. d4 Kxa4 64. Nc3+ Kb3 0-1

[Event "Herforder SV Königsspringer 1 - SG Nie"]
[Site "NRW-Liga - Gruppe 1 2019/2020"]
[Date "2020.03.08"]
[Round "7.7"]
[White "Graß, Jonathan"]
[Black "Heuermann, Heinz-Burkhard"]
[Result "0-1"]
[WhiteElo "1725"]
[BlackElo "1795"]
[Annotator "Daniel"]
[PlyCount "66"]
[EventDate "2020.??.??"]
[SourceVersionDate "2020.03.16"]
[WhiteTeam "SG Niederkassel 1"]
[BlackTeam "Herforder SV Königsspringer 1"]

1. f4 Nf6 2. Nf3 g6 3. e3 Bg7 4. Be2 b6 5. O-O Bb7 6. c4 d5 7. Nc3 O-O 8. Rb1
c5 9. cxd5 Nxd5 10. Nxd5 Qxd5 11. b3 Nc6 12. Bc4 $11 Qf5 13. Bb2 Rad8 14. Bxg7
Kxg7 15. Qc1 Rd6 16. Qb2+ Kg8 17. Rbd1 h6 18. a3 Qe4 19. Qb1 Na5 20. Qxe4 Bxe4
21. d3 Rfd8 22. d4 Bxf3 23. Rxf3 Nxc4 24. bxc4 cxd4 25. e4 Rc8 26. Rc1 Rdc6 27.
Rd3 Rxc4 28. Rcd1 Rd8 29. Kf2 f6 30. g4 e5 31. f5 g5 32. Kg3 Kf7 33. Rb1 Rdc8
0-1

[Event "Herforder SV Königsspringer 1 - SG Nie"]
[Site "NRW-Liga - Gruppe 1 2019/2020"]
[Date "2020.03.08"]
[Round "7.8"]
[White "Schmitz, Thorsten"]
[Black "Kaeser, Udo"]
[Result "0-1"]
[WhiteElo "2020"]
[BlackElo "2260"]
[PlyCount "64"]
[EventDate "2020.??.??"]
[SourceVersionDate "2020.03.16"]
[WhiteTeam "Herforder SV Königsspringer 1"]
[BlackTeam "SG Niederkassel 1"]

1. e4 c5 2. d4 cxd4 3. c3 dxc3 4. Nxc3 e6 5. Nf3 d6 6. Bc4 a6 7. a4 Ne7 8. O-O
Ng6 9. Nd4 Nc6 10. Be3 Be7 11. Qd2 O-O 12. Rad1 Bd7 13. f4 Rc8 14. Ba2 Nxd4 15.
Qxd4 b5 16. axb5 axb5 17. f5 Ne5 18. Bf4 Nc4 19. Bxc4 Rxc4 20. Qd3 Bc6 21. b3
Rb4 22. Qc2 Qb6+ 23. Kh1 Qb7 24. Bxd6 Bxd6 25. Rxd6 Bxe4 26. Nxe4 Qxe4 27. Qc5
exf5 28. Rfd1 h6 29. R6d3 Re8 30. h3 g6 31. Qc3 Qh4 32. Rd7 Rbe4 0-1

[Event "SV Erkenschwick 1 - Krefelder SK Turm 1"]
[Site "NRW-Liga - Gruppe 1 2019/2020"]
[Date "2020.03.08"]
[Round "7.2"]
[White "Erwich, Frank"]
[Black "Kistella, Roman"]
[Result "1-0"]
[WhiteElo "2365"]
[BlackElo "2203"]
[PlyCount "73"]
[EventDate "2020.??.??"]
[SourceVersionDate "2020.03.16"]
[WhiteTeam "SV Erkenschwick 1"]
[BlackTeam "Krefelder SK Turm 1"]

1. e4 e6 2. d4 d5 3. exd5 exd5 4. Nf3 Nf6 5. Bd3 Be7 6. O-O O-O 7. h3 Nc6 8. c3
Ne4 9. Nbd2 Bf5 10. Qc2 Nxd2 11. Bxd2 Bxd3 12. Qxd3 Bf6 13. Rfe1 Qd7 14. Re2
Rfe8 15. Rae1 Rxe2 16. Rxe2 h6 17. Bf4 a6 18. Nh2 Be7 19. Ng4 h5 20. Ne5 Nxe5
21. Bxe5 c6 22. Qf3 f6 23. Bg3 g6 24. Qd3 Kf7 25. c4 dxc4 26. Qxc4+ Kg7 27. Re4
Bf8 28. Qe2 Rd8 29. Bf4 Kf7 30. Qc2 Qd5 31. b3 Rd7 32. Bc1 Bg7 33. Ba3 f5 34.
Re1 Qxd4 35. Qe2 Kg8 36. Qe8+ Kh7 37. Re6 1-0

[Event "SV Erkenschwick 1 - Krefelder SK Turm 1"]
[Site "NRW-Liga - Gruppe 1 2019/2020"]
[Date "2020.03.08"]
[Round "7.3"]
[White "Van Gool, Rudi"]
[Black "Erwich, Marc"]
[Result "1/2-1/2"]
[WhiteElo "2229"]
[BlackElo "2271"]
[PlyCount "84"]
[EventDate "2020.??.??"]
[SourceVersionDate "2020.03.16"]
[WhiteTeam "Krefelder SK Turm 1"]
[BlackTeam "SV Erkenschwick 1"]

1. d4 Nf6 2. Nf3 e6 3. c4 b6 4. Nc3 Bb7 5. g3 Bxf3 6. exf3 Bb4 7. Bg2 O-O 8.
O-O Bxc3 9. bxc3 Nc6 10. f4 d5 11. f5 Na5 12. fxe6 fxe6 13. cxd5 exd5 14. Re1
Qd7 15. Bf4 Nc4 16. Be5 c6 17. Qc2 Ng4 18. Re2 Nh6 19. Rae1 Nf5 20. Qc1 Rf7 21.
Qg5 h6 22. Qg6 Ne7 23. Qh5 Qf5 24. Qxf5 Nxf5 25. h4 b5 26. Bh3 a5 27. Bg4 b4
28. Bh5 Rff8 29. cxb4 axb4 30. Rb1 Nxe5 31. Rxe5 Ra4 32. Rb2 Nxd4 33. Kg2 Nb5
34. Be8 Rf6 35. h5 Nc3 36. Bg6 Rf8 37. Re7 c5 38. Rc7 c4 39. Rb7 Rxa2 40. R2xb4
Raxf2+ 41. Kh3 Ne2 42. Re7 Nxg3 1/2-1/2

[Event "SV Erkenschwick 1 - Krefelder SK Turm 1"]
[Site "NRW-Liga - Gruppe 1 2019/2020"]
[Date "2020.03.08"]
[Round "7.4"]
[White "Langers, Alexander"]
[Black "Neuer, Thomas"]
[Result "1/2-1/2"]
[WhiteElo "2217"]
[BlackElo "2095"]
[PlyCount "22"]
[EventDate "2020.??.??"]
[SourceVersionDate "2020.03.16"]
[WhiteTeam "SV Erkenschwick 1"]
[BlackTeam "Krefelder SK Turm 1"]

1. e4 e6 2. d4 d5 3. exd5 exd5 4. Bd3 Nc6 5. c3 Bd6 6. Nf3 Bg4 7. O-O Nge7 8.
a4 Qd7 9. a5 a6 10. Re1 O-O 11. Nbd2 Rae8 1/2-1/2

[Event "SV Erkenschwick 1 - Krefelder SK Turm 1"]
[Site "NRW-Liga - Gruppe 1 2019/2020"]
[Date "2020.03.08"]
[Round "7.5"]
[White "Dorner, Matthias"]
[Black "Krings, Christoph"]
[Result "1/2-1/2"]
[WhiteElo "2108"]
[BlackElo "2133"]
[PlyCount "42"]
[EventDate "2020.??.??"]
[SourceVersionDate "2020.03.16"]
[WhiteTeam "Krefelder SK Turm 1"]
[BlackTeam "SV Erkenschwick 1"]

1. d4 e6 2. c3 f5 3. Bf4 Nf6 4. e3 d5 5. Nd2 Bd6 6. Nh3 O-O 7. Bd3 c5 8. O-O
Nc6 9. Qc2 Bxf4 10. Nxf4 Qd6 11. Nf3 Bd7 12. Be2 c4 13. b3 b5 14. bxc4 bxc4 15.
h4 Ne4 16. Nd2 Rab8 17. Nxe4 fxe4 18. Rab1 e5 19. Rxb8 Rxb8 20. dxe5 Nxe5 21.
Rb1 Rb6 1/2-1/2

[Event "SV Erkenschwick 1 - Krefelder SK Turm 1"]
[Site "NRW-Liga - Gruppe 1 2019/2020"]
[Date "2020.03.08"]
[Round "7.6"]
[White "Eggenstein, Frank"]
[Black "Fehmer, Carsten"]
[Result "1/2-1/2"]
[WhiteElo "1961"]
[BlackElo "2057"]
[PlyCount "23"]
[EventDate "2020.??.??"]
[SourceVersionDate "2020.03.16"]
[WhiteTeam "SV Erkenschwick 1"]
[BlackTeam "Krefelder SK Turm 1"]

1. e4 e6 2. d4 d5 3. Nc3 Nc6 4. Nf3 Nf6 5. e5 Ne4 6. Ne2 Na5 7. Ng3 c5 8. Bd3
Nxg3 9. hxg3 cxd4 10. Nxd4 Nc6 11. Nf3 Qc7 12. O-O 1/2-1/2

[Event "SV Erkenschwick 1 - Krefelder SK Turm 1"]
[Site "NRW-Liga - Gruppe 1 2019/2020"]
[Date "2020.03.08"]
[Round "7.7"]
[White "Guddat, Joachim"]
[Black "Trzaska, Peter"]
[Result "1-0"]
[WhiteElo "2054"]
[BlackElo "2076"]
[Annotator "Daniel"]
[PlyCount "79"]
[EventDate "2020.??.??"]
[SourceVersionDate "2020.03.16"]
[WhiteTeam "Krefelder SK Turm 1"]
[BlackTeam "SV Erkenschwick 1"]

1. d4 c5 2. d5 e5 3. c4 d6 4. Nc3 Be7 5. Nf3 Nf6 6. e4 O-O 7. Be2 Na6 8. O-O
Nc7 9. Ne1 a6 10. f4 exf4 11. Bxf4 Nd7 12. Bg4 Ne5 13. Bxc8 Rxc8 14. Bxe5 dxe5
15. Nd3 Bd6 16. Qb3 b5 17. cxb5 Nxb5 18. Qc4 g6 19. Nxb5 axb5 20. Qxb5 c4 21.
Nf2 Bc5 22. Rac1 Bd4 23. Rxc4 Qg5 24. Rxc8 Rxc8 25. Qe2 f5 26. g3 Rb8 27. b3
Rc8 28. Kg2 Rc3 29. Nd1 Rc1 30. h4 Qd8 31. Nb2 Rc3 $11 32. exf5 Qxd5+ 33. Kh2
e4 34. fxg6 hxg6 35. Nc4 Rf3 36. Nd2 Rxf1 37. Nxf1 e3 38. Nxe3 Qe4 39. Qc4+ Kg7
40. Nc2 1-0

[Event "SV Erkenschwick 1 - Krefelder SK Turm 1"]
[Site "NRW-Liga - Gruppe 1 2019/2020"]
[Date "2020.03.08"]
[Round "7.8"]
[White "Spriestersbach, Kai"]
[Black "Komans, Dieter"]
[Result "1-0"]
[WhiteElo "1824"]
[BlackElo "2021"]
[PlyCount "49"]
[EventDate "2020.??.??"]
[SourceVersionDate "2020.03.16"]
[WhiteTeam "SV Erkenschwick 1"]
[BlackTeam "Krefelder SK Turm 1"]

1. e4 e5 2. Nf3 Nc6 3. Bb5 Nf6 4. O-O Bd6 5. Re1 O-O 6. d4 Qe7 7. c3 Re8 8.
Nbd2 a6 9. Bd3 Qf8 10. a3 Ng4 11. h3 Nh6 12. Nf1 f6 13. Bxh6 gxh6 14. Ne3 Be7
15. Nf5 d6 16. Bc4+ Kh8 17. N3h4 Nd8 18. Qh5 Be6 19. Bxe6 Nxe6 20. g3 exd4 21.
cxd4 Ng5 22. Nxh6 d5 23. f4 Nxe4 24. Nf7+ Kg8 25. Nf5 1-0

[Event "SK Sodingen/Castrop 1 - SG Porz 2"]
[Site "NRW-Liga - Gruppe 1 2019/2020"]
[Date "2020.03.08"]
[Round "7.1"]
[White "Bunyatov, Rustam"]
[Black "Werrn, Pascal"]
[Result "1-0"]
[WhiteElo "2204"]
[BlackElo "2083"]
[PlyCount "83"]
[EventDate "2020.??.??"]
[SourceVersionDate "2020.03.16"]
[WhiteTeam "SG Porz 2"]
[BlackTeam "SK Sodingen/Castrop 1"]

1. e4 c5 2. f4 Nc6 3. Nf3 e6 4. g3 d5 5. e5 Be7 6. Bg2 h5 7. h3 Nh6 8. O-O Nf5
9. g4 hxg4 10. hxg4 Nh4 11. Nxh4 Bxh4 12. Rf3 f6 13. exf6 Qxf6 14. c3 Bd7 15.
d4 cxd4 16. g5 Qg6 17. cxd4 e5 18. dxe5 Bg4 19. Nc3 d4 20. Nb5 Bxf3 21. Qxf3
O-O 22. Qg4 Be1 23. Bd5+ Kh8 24. Bd2 Nxe5 25. Qh3+ Qh7 26. Qxh7+ Kxh7 27. Rxe1
Nc6 28. Be4+ g6 29. Bxc6 bxc6 30. Re7+ Kg8 31. Nxd4 Rad8 32. Bc3 Rxf4 33. Ne6
Rd1+ 34. Kg2 Rc4 35. Rg7+ Kh8 36. Rxg6+ Rxc3 37. bxc3 Rd2+ 38. Kg3 Rxa2 39. Nf4
c5 40. Rc6 a5 41. g6 Ra1 42. Nh5 1-0

[Event "SK Sodingen/Castrop 1 - SG Porz 2"]
[Site "NRW-Liga - Gruppe 1 2019/2020"]
[Date "2020.03.08"]
[Round "7.2"]
[White "Boehnke, Martin"]
[Black "Wagenknecht, Uwe"]
[Result "1/2-1/2"]
[WhiteElo "2139"]
[BlackElo "2149"]
[PlyCount "46"]
[EventDate "2020.??.??"]
[SourceVersionDate "2020.03.16"]
[WhiteTeam "SK Sodingen/Castrop 1"]
[BlackTeam "SG Porz 2"]

1. d4 Nf6 2. c4 b6 3. Nc3 Bb7 4. f3 d5 5. cxd5 Nxd5 6. Nxd5 Qxd5 7. e4 Qd7 8.
Be3 e6 9. Ne2 Be7 10. Nc3 O-O 11. Be2 Rd8 12. O-O c5 13. dxc5 Qc8 14. Qe1 Bxc5
15. Qf2 Nd7 16. Rfd1 Bxe3 17. Qxe3 Qc5 18. Qxc5 Nxc5 19. Kf2 Kf8 20. Ke3 Ke7
21. g3 f6 22. b4 Na6 23. a3 Nc7 1/2-1/2

[Event "SK Sodingen/Castrop 1 - SG Porz 2"]
[Site "NRW-Liga - Gruppe 1 2019/2020"]
[Date "2020.03.08"]
[Round "7.3"]
[White "Gallasch, Jonas"]
[Black "Kusnetsov, Mark"]
[Result "1-0"]
[WhiteElo "2082"]
[BlackElo "2126"]
[Annotator "Daniel"]
[PlyCount "53"]
[EventDate "2020.??.??"]
[SourceVersionDate "2020.03.16"]
[WhiteTeam "SG Porz 2"]
[BlackTeam "SK Sodingen/Castrop 1"]

1. d4 d5 2. c4 e6 3. Nc3 Nf6 4. cxd5 exd5 5. Bg5 Be7 6. e3 c6 7. Bd3 Bg4 8. Qc2
Bh5 9. Nf3 Bg6 10. Bxg6 hxg6 11. h4 Nbd7 12. O-O-O a5 $11 13. e4 Nxe4 14. Nxe4
dxe4 15. Qxe4 Nf6 16. Bxf6 gxf6 17. h5 gxh5 18. d5 cxd5 19. Rxd5 Qc7+ 20. Kb1
Rc8 21. Nd4 Kf8 22. a3 h4 23. Nf5 h3 24. gxh3 b6 25. Re1 Bc5 26. Qg4 Rg8 27.
Qh4 1-0

[Event "SK Sodingen/Castrop 1 - SG Porz 2"]
[Site "NRW-Liga - Gruppe 1 2019/2020"]
[Date "2020.03.08"]
[Round "7.4"]
[White "Banik, Thorsten"]
[Black "Mohammadi Nia, Borna"]
[Result "0-1"]
[WhiteElo "2112"]
[BlackElo "2137"]
[PlyCount "90"]
[EventDate "2020.??.??"]
[SourceVersionDate "2020.03.16"]
[WhiteTeam "SK Sodingen/Castrop 1"]
[BlackTeam "SG Porz 2"]

1. d4 Nf6 2. Bg5 e6 3. Nd2 d5 4. e3 Be7 5. Bd3 O-O 6. f4 c5 7. c3 b6 8. Ngf3 h6
9. Bxf6 Bxf6 10. h4 Ba6 11. Bb1 Be7 12. g4 f5 13. g5 Nc6 14. gxh6 gxh6 15. Ng5
hxg5 16. hxg5 Qe8 17. Rh6 Kg7 18. Kf2 Rh8 19. Qh1 Qg8 20. Qh5 Qf7 21. Qh3 Rxh6
22. Qxh6+ Kg8 23. Bxf5 Qxf5 24. g6 Qf6 25. Rh1 Qg7 26. Qh3 Bc8 27. Qg2 Bf8 28.
Nf3 Qf6 29. Qh3 Bg7 30. Qh7+ Kf8 31. Rh5 Bd7 32. Nh2 Be8 33. Rg5 Ne7 34. Ng4
Bxg6 35. Nxf6 Bxh7 36. Nxh7+ Kf7 37. Rg2 Bf6 38. Nxf6 Kxf6 39. Ke2 cxd4 40.
cxd4 Rc8 41. Kd3 Nf5 42. e4 dxe4+ 43. Kxe4 Rh8 44. Rc2 Rh3 45. Rc3 Nd6# 0-1

[Event "SK Sodingen/Castrop 1 - SG Porz 2"]
[Site "NRW-Liga - Gruppe 1 2019/2020"]
[Date "2020.03.08"]
[Round "7.5"]
[White "Gallasch, Robin"]
[Black "Hille, Ralph Ingo"]
[Result "1/2-1/2"]
[WhiteElo "2018"]
[BlackElo "2020"]
[Annotator "Daniel"]
[PlyCount "98"]
[EventDate "2020.??.??"]
[SourceVersionDate "2020.03.16"]
[WhiteTeam "SG Porz 2"]
[BlackTeam "SK Sodingen/Castrop 1"]

1. d4 b6 2. c4 Bb7 3. Nf3 e6 4. g3 f5 5. Bg2 Nf6 6. O-O Be7 7. Nc3 Ne4 8. d5
Nxc3 9. bxc3 Na6 10. Nd4 Nc5 11. g4 O-O 12. gxf5 exf5 13. Qc2 g6 14. Bh6 Rf7
15. Rad1 Bg5 16. Ne6 Nxe6 17. dxe6 Bxg2 18. exf7+ Kxf7 19. Kxg2 Bxh6 20. Qd3 d6
21. Qd5+ Kf8 22. f4 Qe8 23. Kf3 Rd8 24. e4 c6 25. Qd3 Qxe4+ 26. Qxe4 fxe4+ 27.
Kxe4 Re8+ 28. Kd3 Bg7 29. Rde1 Rxe1 30. Rxe1 Kf7 $11 31. a4 Bf6 32. a5 Bd8 33.
c5 dxc5 34. axb6 axb6 35. Ra1 Ke6 36. Ra7 Be7 37. Ra6 Bd8 38. Ke4 Bc7 39. Ra8
b5 40. Rh8 Ba5 41. Kd3 Bc7 42. Rxh7 Bxf4 43. h4 Kf5 44. Rf7+ Ke5 45. Rc7 Bg3
46. Rxc6 Kd5 47. Rb6 c4+ 48. Kc2 Kc5 49. Rxg6 Bxh4 1/2-1/2

[Event "SK Sodingen/Castrop 1 - SG Porz 2"]
[Site "NRW-Liga - Gruppe 1 2019/2020"]
[Date "2020.03.08"]
[Round "7.6"]
[White "Mueller, Frank"]
[Black "Perkampus, Laurin"]
[Result "1/2-1/2"]
[WhiteElo "2012"]
[BlackElo "2043"]
[PlyCount "42"]
[EventDate "2020.??.??"]
[SourceVersionDate "2020.03.16"]
[WhiteTeam "SK Sodingen/Castrop 1"]
[BlackTeam "SG Porz 2"]

1. e4 c5 2. Nc3 Nc6 3. g3 g6 4. Bg2 Bg7 5. d3 d6 6. Be3 e6 7. Qd2 Rb8 8. f4
Nge7 9. Nf3 Nd4 10. O-O O-O 11. Rae1 Nec6 12. Bf2 Nxf3+ 13. Bxf3 Nd4 14. Bg2 b5
15. e5 dxe5 16. fxe5 Qc7 17. Ne4 Bxe5 18. c3 Nf5 19. Bxc5 Rd8 20. d4 Bb7 21.
Qf2 Bxe4 1/2-1/2

[Event "SK Sodingen/Castrop 1 - SG Porz 2"]
[Site "NRW-Liga - Gruppe 1 2019/2020"]
[Date "2020.03.08"]
[Round "7.7"]
[White "Thiemonds, Uli"]
[Black "Rohovoy, Dmitrij"]
[Result "1-0"]
[WhiteElo "1990"]
[BlackElo "1971"]
[PlyCount "35"]
[EventDate "2020.??.??"]
[SourceVersionDate "2020.03.16"]
[WhiteTeam "SG Porz 2"]
[BlackTeam "SK Sodingen/Castrop 1"]

1. e4 c5 2. c3 d5 3. exd5 Qxd5 4. d4 Nf6 5. Nf3 e6 6. Na3 a6 7. Nc2 Be7 8. Bd3
Nc6 9. O-O O-O 10. Qe2 b5 11. dxc5 Bxc5 12. Bg5 Qd8 13. Bxf6 Qxf6 14. Qe4 Qg6
15. Qxc6 Qxd3 16. Qxa8 Qxc2 17. Qc6 Ba7 18. Qc7 1-0

[Event "SK Sodingen/Castrop 1 - SG Porz 2"]
[Site "NRW-Liga - Gruppe 1 2019/2020"]
[Date "2020.03.08"]
[Round "7.8"]
[White "Becker, Joerg"]
[Black "Sabirov, Rafael"]
[Result "1-0"]
[WhiteElo "2119"]
[BlackElo "1774"]
[Annotator "Daniel"]
[PlyCount "111"]
[EventDate "2020.??.??"]
[SourceVersionDate "2020.03.16"]
[WhiteTeam "SK Sodingen/Castrop 1"]
[BlackTeam "SG Porz 2"]

1. d4 d5 2. Nf3 Nf6 3. Bg5 e6 4. Nbd2 Be7 5. e3 Nbd7 6. Bd3 c5 7. c3 O-O 8. O-O
b6 9. Ne5 Bb7 10. f4 Re8 11. Qf3 Nf8 12. Bb5 N6d7 13. Qh5 g6 14. Bxe7 Qxe7 15.
Qh3 a6 16. Bd3 c4 17. Bc2 b5 18. e4 Nf6 19. Rae1 dxe4 $11 20. Nxe4 Nxe4 21.
Bxe4 Bxe4 22. Rxe4 Nd7 23. Nxd7 Qxd7 24. Rfe1 a5 25. Re5 Red8 26. g4 b4 27. f5
exf5 28. gxf5 Qc6 29. Rc5 Qf6 30. fxg6 hxg6 31. Rf1 Qe6 32. Qxe6 fxe6 33. Rf6
Rdc8 34. Rxg6+ Kf7 35. Rgg5 Rg8 36. Rxg8 Rxg8+ 37. Kh1 Rb8 38. Rxa5 bxc3 39.
bxc3 Rb2 40. Ra4 Rc2 41. Rxc4 Rxa2 42. Rc5 Rd2 43. h4 Kf6 44. Kg1 Kg6 45. h5+
Kh6 46. Kf1 Rh2 47. Ke1 Rg2 48. Kd1 Rh2 49. Re5 Ra2 50. Rxe6+ Kxh5 51. Re2 Ra3
52. Kd2 Kg4 53. Re8 Kf4 54. Kd3 Ra4 55. Rf8+ Kg5 56. d5 1-0

[Event "SV Bergneustadt/Derschlag 1 - Godesberg"]
[Site "NRW-Liga - Gruppe 1 2019/2020"]
[Date "2020.03.08"]
[Round "7.1"]
[White "Seger, Ruediger"]
[Black "Koellner, Aaron Noah"]
[Result "1-0"]
[WhiteElo "2314"]
[BlackElo "2191"]
[PlyCount "57"]
[EventDate "2020.??.??"]
[SourceVersionDate "2020.03.16"]
[WhiteTeam "Godesberger SK 1"]
[BlackTeam "SV Bergneustadt/Derschlag 1"]

1. e4 c5 2. c3 d5 3. exd5 Qxd5 4. d4 e6 5. Nf3 Nf6 6. Bd3 Be7 7. O-O O-O 8. Qe2
Bd7 9. dxc5 Bxc5 10. Bg5 Qd6 11. Rd1 Qb6 12. Ne5 Rd8 13. Bxf6 gxf6 14. Bxh7+
Kf8 15. Nc4 Qc7 16. b4 Bb6 17. Bc2 Ke7 18. Nbd2 Rh8 19. Nf1 Bc6 20. a4 Rg8 21.
Be4 f5 22. Bxc6 Qxc6 23. Nfe3 Bxe3 24. Nxe3 Kf6 25. b5 Qxc3 26. Qf3 Nd7 27.
Nd5+ exd5 28. Qxc3+ Ne5 29. f4 1-0

[Event "SV Bergneustadt/Derschlag 1 - Godesberg"]
[Site "NRW-Liga - Gruppe 1 2019/2020"]
[Date "2020.03.08"]
[Round "7.2"]
[White "Koellner, Christof"]
[Black "Koehler, Christian Friedrich"]
[Result "1/2-1/2"]
[WhiteElo "2122"]
[BlackElo "2219"]
[PlyCount "159"]
[EventDate "2020.??.??"]
[SourceVersionDate "2020.03.16"]
[WhiteTeam "SV Bergneustadt/Derschlag 1"]
[BlackTeam "Godesberger SK 1"]

1. d4 d5 2. c4 c6 3. cxd5 cxd5 4. Nc3 Nf6 5. f3 e6 6. e4 Nc6 7. e5 Nd7 8. f4 a6
9. Nf3 b5 10. Bd3 Nb6 11. O-O Bd7 12. Qe2 Be7 13. Be3 Qc7 14. Rad1 g6 15. Bf2
Qa7 16. Kh1 Bd8 17. Qe1 Nc4 18. Qe2 Rc8 19. b3 Nb6 20. Qd2 Be7 21. Ne2 Qc7 22.
Bh4 Qd8 23. Bxe7 Qxe7 24. Rc1 O-O 25. g4 f6 26. Qe3 f5 27. gxf5 gxf5 28. Ng3
Be8 29. Rg1 Kh8 30. Rg2 Nb4 31. Rxc8 Nxc8 32. Bf1 Na7 33. Qc1 h6 34. a3 Nbc6
35. Rc2 Rg8 36. Bd3 Qf7 37. Qf1 Rg4 38. Qh3 Qg6 39. Rg2 h5 40. Ne2 Rxg2 41.
Qxg2 Qxg2+ 42. Kxg2 Kg7 43. Kf2 Nd8 44. Ng3 Bg6 45. Nh4 Nac6 46. Nxg6 Kxg6 47.
Ke3 h4 48. Ne2 Ne7 49. Ng1 Kh6 50. Nf3 Ng6 51. Ng5 Nf8 52. Be2 Nc6 53. Nf3 Ng6
54. Ne1 Na5 55. Bd1 Nf8 56. Nd3 Nc6 57. Nc5 a5 58. Be2 b4 59. a4 Nd8 60. Bb5
Kg7 61. Be8 Ng6 62. Kf3 Ne7 63. Ke3 Kf8 64. Bh5 Nec6 65. Nd3 Ne7 66. Ne1 Kg7
67. Nf3 Ng6 68. h3 Nc6 69. Bxg6 Kxg6 70. Nxh4+ Kh5 71. Nf3 Nd8 72. Kf2 Nc6 73.
Ke3 Nd8 74. Ng5 Kh4 75. Kf3 Kh5 76. Kg3 Kg6 77. Kf2 Kh5 78. Kg3 Kg6 79. Kf2 Kh5
80. Kg3 1/2-1/2